| 000 | 00842nam a22002777a 4500 | ||
|---|---|---|---|
| 003 | URS | ||
| 005 | 20250828100509.0 | ||
| 008 | 170628b xxu||||| |||| 00| 0 eng d | ||
| 020 | _a971-42-0456-9 | ||
| 040 |
_aURS _cURS |
||
| 041 | _aeng | ||
| 050 | 0 | 0 |
_aT11 _b.Ig6t 2004 |
| 100 | 1 |
_aIgoy, Judy Imelda L. _eauthor |
|
| 245 | _aTechnical writing and reporting | ||
| 264 |
_aBulacan _bTrinitas Publishing _c©2004 |
||
| 300 |
_a293 pages : _billustrations _c26 cm |
||
| 336 |
_2rdacontent _atext |
||
| 337 |
_2rdamedia _aunmediated |
||
| 338 |
_2rdacarrier _avolume |
||
| 650 | 0 |
_aTechnical writing _912262 _xStudy and teaching |
|
| 650 | 0 |
_aReport writing _912263 _xStudy and teaching |
|
| 650 | 0 |
_aEnglish language _94977 _xRhetoric |
|
| 700 | 1 |
_aSaymo, Apolinario S. _eauthor |
|
| 700 | 1 |
_aEsperon, Remedios M. _eauthor |
|
| 942 |
_2lcc _cF |
||
| 999 |
_c84965 _d84963 |
||